000
00237nam a22000977a 4500
082
_a
629.224 TRU'C
245
_a
TRUCK 4X4 1.25 TON 100 HORSE POWER UNIMOG MODEL 416
260
_a
QUETTA
_b
EME COLLEGE
_c
1985
300
_a
105P
942
_c
BK
999
_c
581826
_d
581826